00526nam a2200205 a 4500001001300000003000900013005001700022008004100039020001000080082001600090100002300106245002000129260004000149300000900189500003500198505001000233650002200243650003200265700002300297nice12345678IN_TiNIC20260116011344.0050524s1911 lona grp 000 0 eng  ac10000a297.63bIRV aIrving, Washington aLife of Mahomet aLondonbJ. M. Dent & Sons Ltdc1911 a265p aincludes index and biblioraphy2 aIndex aMuhammad, Prophet aMuhammad, Prophet-Biography1 aIrving, Washington